Easter A-Z - Statistics

General Stats
  • This quiz has been taken 44 times
    43 since last reset
  • The average score is 15 of 23
Answer Stats
Hint Letter Answer % Correct
Animal that Jesus rode into Jerusalem on during Palm Sunday D Donkey
100%
Day that marks the start of lent, 40 days leading to Easter Sunday A Ash Wednesday
89%
Name of Jesus, written on top of the cross, along with K N Jesus of {Nazareth}
89%
Words that were written on top of the cross K {King} of the Jews
89%
Person who visited Jesus' tomb, to find it empty M Mary
89%
What Judas betrayed Jesus for: 30 pieces of... S Silver
86%
'Crown' that the Romans made Jesus wear on the cross, as a form of mockery T Crown of {thorns}
83%
Roman official who sentenced Jesus to death P Pontius Pilate
83%
Second drink Jesus was given on the cross W Sour {wine}
83%
Name of the event where Jesus celebrated his last Passover with his disciples L Last Supper
80%
Animal that crowed three times after Peter denied Jesus R Rooster
71%
Another name for Judas, who betrayed Jesus I Iscariot
66%
Criminal that was demanded to be released to crucify Jesus B Barrabas
63%
Mountain where Jesus prayed before his arrest, while his disciples slept O Mount of {Olives}
63%
Drink that Jesus was first given on the cross, gall mixed with... V Vinegar
60%
Hebrew Festival that was happening when the plot to kill Jesus began U Feast of {Unleavened} Bread
51%
Garden where Jesus prayed before he was arrested G Gethsemane
49%
Word shouted as Jesus entered Jerusalem during Palm Sunday H Hosanna
49%
Person who gave his tomb for Jesus to be buried in J Joseph of Arimathea
49%
Punishment P ordered the Romans to do to Jesus before he was on the cross F Flogging
46%
Part of the temple that tore in two when Jesus died C Curtain
37%
Prophet who prophecised Judas' betrayal and more Z Zechariah
37%
What Jesus said before he died: __ __ Lama Sabachthani E Eli Eli
23%
No matching quizzes found
Score Distribution
Percent of People with Each Score
Percentile by Number Answered
Your Score History
You have not taken this quiz since the last reset